000 004090000a22001570004500
001 003197
003 MACL
040 _aMACL
090 _c15190
_d15189
100 _aRay, Dipak Kumar
245 _aA Treatise On Libraries During Muslim Rule In India A Critical Discourse
_cDipak Kumar Ray
260 _aRatna Prakashan,
_c2002
350 _a250
650 _aLibrary For Specific Subject
942 _k27
_cBook
999 _c15103
_d15103